| 000 | 00907nam a22002897a 4500 | ||
|---|---|---|---|
| 001 | 0054361 | ||
| 003 | KOHA_MİRAKIL | ||
| 005 | 20260207003943.0 | ||
| 007 | ta | ||
| 008 | 151225b tu |||gr||||#0|||1|tur | | ||
| 040 |
_aTR-BiSEU _btur _cTR-BiSEU _erda |
||
| 041 | 0 |
_atur _aeng |
|
| 044 | _ctu | ||
| 050 |
_aPE1460 _b.M36 [t.y.] |
||
| 100 | 0 | _aMcmordie W.. | |
| 240 | 1 | 0 |
_aEnglish idoms and how to use them _lTürkçe |
| 245 | 1 |
_aİngilizce deyimler ve kullanılış şekilleri = _bEnglish idoms and how to use them/ _cMcmordie W. ; Mcmordie W. ; çeviren Ziya Sak. |
|
| 264 | 1 |
_aİstanbul : _bSak _c[t.y.] |
|
| 300 |
_a687 sayfa ; _c19 cm. |
||
| 336 |
_ametin _btxt _2rdacontent |
||
| 337 |
_aaracısız _bn _2rdamedia |
||
| 338 |
_acilt _bnc _2rdacarrier |
||
| 650 | 0 |
_aİngiliz dili--Deyimler. _9100945 |
|
| 650 | 0 |
_aEnglish language--Idioms. _9100946 |
|
| 907 | _aDil | ||
| 942 |
_2lcc _cBK |
||
| 999 |
_c54170 _d54170 |
||